[Event "XXVII. Rhein-Main-Open, Gruppe A"]
[Site "Bad Homburg vor der Höhe"]
[Date "2025.06.22"]
[Round "7.30"]
[White "Faqiry, Ramat"]
[Black "Rohatgi, Kushagra"]
[Result "0-1"]
[WhiteElo "1985"]
[BlackElo "1771"]
[PlyCount "90"]
[GameId "535116227330"]
[EventDate "2025.06.18"]
[WhiteTeam "SK Bad Homburg 1927"]
[BlackTeam "SAbt TuS Makkabi Ffm"]

1. b3 d5 2. Bb2 c5 3. e3 Nf6 4. d4 cxd4 5. exd4 Nc6 6. Nf3 Bg4 7. Be2 e6 8. O-O Bd6 9. a3 O-O 10. c4 Bc7 11. c5 Re8 12. b4 a6 13. Ne5 Nxe5 14. dxe5 Bxe2 15. Qxe2 Nd7 16. Nd2 Nf8 17. Nb3 Ng6 18. f4 Ne7 19. Rad1 Nf5 20. g4 Ne7 21. Rd3 b6 22. f5 exf5 23. gxf5 Nc6 24. e6 f6 25. Qg2 Qe7 26. Rxd5 Rad8 27. Rxd8 Nxd8 28. Rd1 Be5 29. Rd7 Qf8 30. Rf7 Nxf7 31. exf7+ Qxf7 32. Bxe5 Qxb3 33. Bg3 bxc5 34. bxc5 Qd1+ 35. Qf1 Qxf1+ 36. Kxf1 Kf7 37. Bd6 g6 38. fxg6+ hxg6 39. Kf2 Ke6 40. Ke3 Kd5+ 41. Kf4 Re4+ 42. Kf3 Ra4 43. Be7 Rxa3+ 44. Kf4 Ra4+ 45. Kf3 f5 0-1

[Event "XXVII. Rhein-Main-Open, Gruppe A"]
[Site "Bad Homburg vor der Höhe"]
[Date "2025.06.22"]
[Round "7.31"]
[White "Fallouh, Philippe"]
[Black "Martin, Reiner"]
[Result "1/2-1/2"]
[WhiteElo "1778"]
[BlackElo "1969"]
[PlyCount "33"]
[GameId "535116227331"]
[EventDate "2025.06.18"]
[WhiteTeam "SK Bad Homburg 1927"]
[BlackTeam "SC Bad Soden"]

1. d4 Nf6 2. e3 c5 3. Bd3 e6 4. c3 b6 5. Qe2 Bb7 6. Nf3 Be7 7. O-O O-O 8. Nbd2 d6 9. b3 Nbd7 10. Bb2 Re8 11. e4 Qc7 12. Rac1 Rad8 13. Rfe1 Nf8 14. Nf1 Ng6 15. Qd2 Nh5 16. g3 Nf6 17. Qe2 1/2-1/2

[Event "XXVII. Rhein-Main-Open, Gruppe A"]
[Site "Bad Homburg vor der Höhe"]
[Date "2025.06.22"]
[Round "7.33"]
[White "Hipler, Andreas"]
[Black "Feick, Claas Marten"]
[Result "1-0"]
[WhiteElo "1890"]
[BlackElo "1918"]
[PlyCount "119"]
[GameId "535116227333"]
[EventDate "2025.06.18"]
[WhiteTeam "SK Gau-Algesheim"]
[BlackTeam "SF Neuberg"]

1. d4 Nf6 2. Nf3 e6 3. g3 c5 4. Bg2 cxd4 5. O-O d5 6. b3 Nc6 7. Nxd4 Bc5 8. Nxc6 bxc6 9. c4 O-O 10. Nc3 a5 11. Qc2 Ba6 12. Na4 Bd4 13. Bb2 Bxb2 14. Nxb2 Rc8 15. Rfd1 Qc7 16. Rac1 Rfe8 17. e3 Red8 18. cxd5 Nxd5 19. Bxd5 Rxd5 20. Rxd5 exd5 21. Nd3 Re8 22. Nf4 Qb8 23. Nd3 g6 24. Qc3 Qd6 25. Qc5 Qf6 26. Ne1 Qb2 27. Qc2 Qe5 28. Qc3 Qxc3 29. Rxc3 Bb5 30. Nc2 a4 31. b4 Bc4 32. a3 Bb5 33. Nd4 Kf8 34. Rc5 Rb8 35. Nxb5 cxb5 36. Rxd5 Ke7 37. Kf1 Rb6 38. Ke2 Rc6 39. Kd2 Rf6 40. f4 g5 41. Rxb5 gxf4 42. exf4 Rd6+ 43. Ke3 Rc6 44. Rc5 Rh6 45. Rc7+ Kd6 46. Rxf7 Rxh2 47. Ra7 Rb2 48. Rxa4 Rb3+ 49. Kf2 Kd5 50. Ra5+ Ke4 51. Kg2 Rb2+ 52. Kh3 Kf3 53. Kh4 Rh2+ 54. Kg5 Rh3 55. f5 Rxg3+ 56. Kh6 Rh3+ 57. Kg7 h5 58. f6 Ke4 59. f7 Rg3+ 60. Kf6 1-0

[Event "XXVII. Rhein-Main-Open, Gruppe A"]
[Site "Bad Homburg vor der Höhe"]
[Date "2025.06.22"]
[Round "7.34"]
[White "Hornung, Thomas"]
[Black "Hornung, Fabian"]
[Result "1/2-1/2"]
[WhiteElo "2001"]
[BlackElo "1854"]
[PlyCount "79"]
[GameId "535116227334"]
[EventDate "2025.06.18"]
[WhiteTeam "SK Eberstadt 1924"]
[BlackTeam "SK Gernsbach 1949"]

1. d4 d5 2. c4 e6 3. Nf3 Nf6 4. cxd5 exd5 5. Nc3 c6 6. Qc2 Bd6 7. Bg5 O-O 8. e3 h6 9. Bh4 Be6 10. Bd3 Nbd7 11. Bg3 Qc7 12. a3 Ne8 13. Bxd6 Nxd6 14. O-O a6 15. Nd2 Rfe8 16. Na4 Rad8 17. Rfc1 Nf6 18. Nc5 Qe7 19. b4 Bc8 20. Re1 Nfe4 21. a4 Nxd2 22. Qxd2 Ne4 23. Nxe4 dxe4 24. Bf1 Rd5 25. Rac1 Red8 26. Qb2 Qg5 27. Rc5 Rxc5 28. bxc5 h5 29. Qb6 Qe7 30. Qa7 Qg5 31. Qb8 Qe7 32. f4 exf3 33. gxf3 Bh3 34. Qf4 Bxf1 35. Kxf1 Qe6 36. Qc7 Qh3+ 37. Ke2 Rd7 38. Qb8+ Kh7 39. Qg3 Qe6 40. Qh4 1/2-1/2

[Event "XXVII. Rhein-Main-Open, Gruppe A"]
[Site "Bad Homburg vor der Höhe"]
[Date "2025.06.22"]
[Round "7.35"]
[White "Sasikumar Anitha, Sarvesh"]
[Black "Held, Bernhard"]
[Result "1-0"]
[WhiteElo "1987"]
[BlackElo "1842"]
[PlyCount "85"]
[GameId "535116227335"]
[EventDate "2025.06.18"]
[WhiteTeam "SK 1858 Gießen"]
[BlackTeam "SK 1908 Göggingen"]

1. e4 c5 2. Nf3 Nc6 3. Bb5 Nf6 4. Bxc6 dxc6 5. d3 g6 6. Be3 Qa5+ 7. Nbd2 c4 8. dxc4 Nxe4 9. O-O Nf6 10. Nb3 Qc7 11. Re1 b6 12. Qd2 Bg7 13. Bf4 Qb7 14. Bh6 O-O 15. Bxg7 Kxg7 16. c5 Be6 17. Qc3 Kg8 18. Nbd4 Bd5 19. Qb4 Bxf3 20. Nxf3 Rfe8 21. c4 Qc7 22. b3 Rad8 23. cxb6 axb6 24. a4 Ra8 25. Rad1 c5 26. Qc3 Rad8 27. Ra1 Ra8 28. Re2 Ra7 29. Rae1 Qd6 30. Rd2 Qc7 31. Ne5 Rb7 32. Qf3 Rf8 33. g4 Qc8 34. g5 Nh5 35. Nc6 Re8 36. Ne5 e6 37. Red1 Kg7 38. Rd7 Re7 39. R7d2 Re8 40. Ng4 Kh8 41. Nf6 Nxf6 42. Qxf6+ Kg8 43. Rd8 1-0

[Event "XXVII. Rhein-Main-Open, Gruppe A"]
[Site "Bad Homburg vor der Höhe"]
[Date "2025.06.22"]
[Round "7.38"]
[White "Hasenpflug, Till"]
[Black "Kuban, Günther"]
[Result "0-1"]
[WhiteElo "1810"]
[BlackElo "2084"]
[PlyCount "42"]
[GameId "535116227338"]
[EventDate "2025.06.18"]
[WhiteTeam "SK Bad Homburg 1927"]
[BlackTeam "Königsspringer Karben"]

1. e4 d6 2. d4 e5 3. d5 f5 4. Bd3 fxe4 5. Bxe4 Nf6 6. Bf3 Bf5 7. c4 Be7 8. h3 O-O 9. g4 Bg6 10. Ne2 Na6 11. Bd2 Ne4 12. Nec3 Nxf2 13. Kxf2 e4 14. Rf1 Rxf3+ 15. Kg2 Rxf1 16. Qxf1 Bg5 17. Qe2 Nc5 18. Kg3 Qe7 19. b4 Nd3 20. Be3 Qe5+ 21. Kg2 Rf8 0-1

[Event "XXVII. Rhein-Main-Open, Gruppe A"]
[Site "Bad Homburg vor der Höhe"]
[Date "2025.06.22"]
[Round "7.39"]
[White "Ottenburg, Ralph"]
[Black "Holschuh, Elias"]
[Result "0-1"]
[WhiteElo "1962"]
[BlackElo "1746"]
[PlyCount "84"]
[GameId "535116227339"]
[EventDate "2025.06.18"]
[WhiteTeam "Sabt Frankfurter TV 1860"]
[BlackTeam "SV Worms 1878"]

1. c4 c6 2. g3 Nf6 3. Bg2 d5 4. Nf3 g6 5. b3 Bg7 6. Bb2 O-O 7. O-O Nbd7 8. d3 Re8 9. Nbd2 e5 10. e4 dxe4 11. dxe4 Qc7 12. Qc2 b6 13. b4 c5 14. a3 Bb7 15. Rfe1 Rac8 16. b5 Re7 17. Nb1 Ne8 18. Nc3 Nd6 19. Nd2 Bh6 20. Bf1 Nf6 21. Nd5 Bxd5 22. exd5 Rce8 23. a4 a5 24. bxa6 Qa7 25. a5 Qxa6 26. f4 Nd7 27. axb6 Qxb6 28. Reb1 Qc7 29. Qc3 Bg7 30. Ra6 Nf5 31. Rc6 Qa7 32. Ra1 Qb8 33. Qb3 Qd8 34. g4 Nd4 35. Bxd4 exd4 36. Ra7 Nf6 37. Qa4 Nxg4 38. d6 Rxa7 39. Qxa7 Qh4 40. Kg2 Qf2+ 41. Kh3 Re3+ 42. Kxg4 h5+ 0-1

[Event "XXVII. Rhein-Main-Open, Gruppe A"]
[Site "Bad Homburg vor der Höhe"]
[Date "2025.06.22"]
[Round "7.40"]
[White "Glavev, Danail"]
[Black "Kretner, Georg-Ulrich"]
[Result "1/2-1/2"]
[WhiteElo "1655"]
[BlackElo "1909"]
[PlyCount "34"]
[GameId "535116227340"]
[EventDate "2025.06.18"]
[WhiteTeam "SK Bad Homburg 1927"]
[BlackTeam "SC Bad Nauheim"]

1. e4 d6 2. d4 Nf6 3. Nc3 g6 4. f4 Bg7 5. Nf3 O-O 6. Bd3 Nc6 7. O-O e5 8. d5 Ne7 9. fxe5 dxe5 10. Qe1 c6 11. dxc6 Nxc6 12. Qh4 Nh5 13. Qxd8 Rxd8 14. Ng5 Rf8 15. Bc4 Nd8 16. Be3 h6 17. Nf3 Be6 1/2-1/2

[Event "XXVII. Rhein-Main-Open, Gruppe A"]
[Site "Bad Homburg vor der Höhe"]
[Date "2025.06.22"]
[Round "7.41"]
[White "Rotärmel, Leonie"]
[Black "Ziska, Stephan"]
[Result "1/2-1/2"]
[WhiteElo "1699"]
[BlackElo "1862"]
[PlyCount "37"]
[GameId "535116227341"]
[EventDate "2025.06.18"]
[WhiteTeam "SK Bad Homburg 1927"]
[BlackTeam "Schachforum Darmstadt"]

1. e4 d5 2. exd5 Nf6 3. d4 Nxd5 4. c3 c6 5. Bd3 Nd7 6. Nf3 e6 7. O-O Bd6 8. Nbd2 N7f6 9. Nc4 O-O 10. Nxd6 Qxd6 11. Ne5 c5 12. Be3 cxd4 13. Bxd4 b6 14. f4 Bb7 15. Ng4 Qe7 16. c4 Nxg4 17. Qxg4 f5 18. Qg3 Nf6 19. Rfe1 1/2-1/2

[Event "XXVII. Rhein-Main-Open, Gruppe A"]
[Site "Bad Homburg vor der Höhe"]
[Date "2025.06.22"]
[Round "7.42"]
[White "Siegismund, Florian"]
[Black "Fischer, Frederik"]
[Result "1-0"]
[WhiteElo "1875"]
[BlackElo "1651"]
[PlyCount "135"]
[GameId "535116227342"]
[EventDate "2025.06.18"]
[WhiteTeam "SK Bad Schwalbach"]
[BlackTeam "SV Oberursel"]

1. d4 d5 2. c4 c6 3. cxd5 cxd5 4. Bf4 Nf6 5. Nc3 a6 6. e3 e6 7. Bd3 Bd6 8. Bxd6 Qxd6 9. f4 Nc6 10. Nf3 O-O 11. O-O h6 12. Rc1 b5 13. Bb1 Bb7 14. Ne5 Rac8 15. g4 Ne7 16. Qf3 b4 17. Na4 Ne4 18. Qe2 Rxc1 19. Rxc1 Rc8 20. Rxc8+ Nxc8 21. Bxe4 dxe4 22. Nc5 Qc7 23. Kf2 a5 24. Nxb7 Qxb7 25. Qc4 Nd6 26. Qc6 Qxc6 27. Nxc6 Nb7 28. f5 exf5 29. gxf5 g5 30. fxg6 fxg6 31. Kg3 g5 32. Kg4 Kf7 33. Kf5 Nd6+ 34. Ke5 Nc4+ 35. Kxe4 Nxb2 36. Nxa5 Na4 37. Kd3 Nb2+ 38. Kc2 Na4 39. Nc6 h5 40. Nxb4 Ke6 41. e4 g4 42. Kd3 h4 43. Ke3 g3 44. hxg3 hxg3 45. Kf3 Nc3 46. e5 Nb5 47. Nc2 Nxd4+ 48. Nxd4+ Kxe5 49. Nc2 Kd5 50. Kxg3 Kc4 51. a3 Kb5 52. Kf4 Ka4 53. Ke4 Ka5 54. Kd4 Ka4 55. Kc4 Ka5 56. Kb3 Kb5 57. a4+ Ka5 58. Na3 Ka6 59. Kb4 Kb6 60. a5+ Ka6 61. Nc4 Ka7 62. Kb5 Kb7 63. Nd6+ Ka8 64. Kb6 Kb8 65. a6 Ka8 66. Nb5 Kb8 67. a7+ Ka8 68. Nc7# 1-0

[Event "XXVII. Rhein-Main-Open, Gruppe A"]
[Site "Bad Homburg vor der Höhe"]
[Date "2025.06.22"]
[Round "7.43"]
[White "Varma, Christopher"]
[Black "Rabiya, Karim"]
[Result "1-0"]
[WhiteElo "1924"]
[BlackElo "1810"]
[PlyCount "61"]
[GameId "535116227343"]
[EventDate "2025.06.18"]
[WhiteTeam "SV Oberursel"]
[BlackTeam "SK Niederbrechen 1948"]

1. e4 g6 2. d4 Bg7 3. Nf3 d5 4. e5 c5 5. c3 cxd4 6. cxd4 Nc6 7. h3 Bf5 8. Bb5 Rc8 9. Nc3 a6 10. Bxc6+ Rxc6 11. O-O b5 12. Be3 h5 13. Qd2 e6 14. Rac1 Ne7 15. Bg5 Qc7 16. Nh4 Nc8 17. f3 Qb6 18. Ne2 Na7 19. Kh2 Kd7 20. g4 hxg4 21. hxg4 Rxc1 22. Rxc1 Bxe5+ 23. Kg2 f6 24. gxf5 fxg5 25. Qxg5 exf5 26. dxe5 Rh5 27. Qg3 Qe3 28. e6+ Qxe6 29. Nf4 Qe3 30. Re1 Qd2+ 31. Re2 1-0

[Event "XXVII. Rhein-Main-Open, Gruppe A"]
[Site "Bad Homburg vor der Höhe"]
[Date "2025.06.22"]
[Round "7.44"]
[White "Schultze, Jörg-Martin"]
[Black "Liu, Jonas"]
[Result "1/2-1/2"]
[WhiteElo "1909"]
[BlackElo "1645"]
[PlyCount "114"]
[GameId "535116227344"]
[EventDate "2025.06.18"]
[WhiteTeam "SF Braunfels"]
[BlackTeam "SV Oberursel"]

1. d4 Nf6 2. c4 g6 3. Nc3 Bg7 4. e4 d6 5. Be2 O-O 6. Be3 e5 7. d5 Nbd7 8. g4 Nc5 9. f3 a5 10. Qd2 h5 11. h3 Kh7 12. Bg5 Qd7 13. Bd1 a4 14. Nge2 Rh8 15. Ng3 Kg8 16. Bc2 b6 17. O-O-O Ba6 18. b4 axb3 19. axb3 b5 20. b4 Nb7 21. Qg2 h4 22. Nf1 bxc4 23. Ba4 Qc8 24. Bc6 Rb8 25. Qa2 Nd8 26. Qa4 Bb7 27. b5 Bxc6 28. bxc6 Ra8 29. Qxc4 Qb8 30. Be3 Ra3 31. Rh2 Rb3 32. Ra2 Ne8 33. Rdd2 Rb4 34. Qa6 Rb3 35. Rdc2 Qb4 36. Qa5 Qxa5 37. Rxa5 Rb8 38. Rb2 Rc8 39. Rba2 Bf6 40. Ra8 Rxa8 41. Rxa8 Be7 42. Nb5 f5 43. Rc8 fxe4 44. fxe4 Nf6 45. Bg5 Kf8 46. Nxc7 Nxe4 47. Ne6+ Kf7 48. Nxd8+ Rxd8 49. Bxe7 Rxc8 50. Bxh4 Rh8 51. c7 Rc8 52. Bd8 Nc3 53. Ne3 Nb5 54. Nc4 Kg8 55. Nb6 Rxc7+ 56. Bxc7 Nxc7 57. Kd2 Kg7 1/2-1/2

[Event "XXVII. Rhein-Main-Open, Gruppe A"]
[Site "Bad Homburg vor der Höhe"]
[Date "2025.06.22"]
[Round "7.45"]
[White "Kupke, Jonas"]
[Black "Fang, Borui"]
[Result "1-0"]
[WhiteElo "1807"]
[BlackElo "1857"]
[PlyCount "63"]
[GameId "535116227345"]
[EventDate "2025.06.18"]
[WhiteTeam "Wiesbadener SV 1885"]
[BlackTeam "SV Oberursel"]

1. d4 d5 2. e4 dxe4 3. Nc3 Nf6 4. Bg5 h6 5. Bxf6 exf6 6. Nxe4 Be7 7. Nf3 O-O 8. c3 Re8 9. Be2 Bf8 10. Ng3 Nd7 11. O-O c5 12. Qb3 cxd4 13. Bc4 Ne5 14. Nxe5 Rxe5 15. Bxf7+ Kh8 16. Rad1 d3 17. Rd2 Bg4 18. h3 Re2 19. Nxe2 Bxe2 20. Re1 Bc5 21. Qxb7 Rb8 22. Qc6 Rc8 23. Qe6 Qc7 24. Bg6 Rd8 25. Qe4 f5 26. Bxf5 Rf8 27. Rdxe2 dxe2 28. Rxe2 Qf7 29. g4 Bb6 30. Qe5 Qxa2 31. Qd6 Rg8 32. Qg6 1-0

[Event "XXVII. Rhein-Main-Open, Gruppe A"]
[Site "Bad Homburg vor der Höhe"]
[Date "2025.06.22"]
[Round "7.46"]
[White "Mayer, Frank"]
[Black "Börsch, Dieter"]
[Result "1-0"]
[WhiteElo "1984"]
[BlackElo "1800"]
[PlyCount "117"]
[GameId "535116227346"]
[EventDate "2025.06.18"]
[WhiteTeam "Wiesbadener SV 1885"]
[BlackTeam "SK Bad Homburg 1927"]

1. e4 c5 2. Nf3 d6 3. d4 cxd4 4. Nxd4 Nf6 5. Nc3 a6 6. Bg5 e6 7. f4 h6 8. Bh4 Be7 9. Qf3 Nbd7 10. Bc4 Nb6 11. Bb3 Qc7 12. O-O-O Bd7 13. f5 e5 14. Nde2 Bc6 15. Bf2 Rc8 16. Kb1 Nbd7 17. g4 b5 18. h4 Nc5 19. Bxc5 dxc5 20. Nd5 Bxd5 21. Bxd5 Nxd5 22. Rxd5 Rd8 23. Ng3 Rxd5 24. exd5 f6 25. Ne4 Bd6 26. Rg1 c4 27. g5 hxg5 28. hxg5 Qa7 29. Rd1 Qe7 30. gxf6 gxf6 31. Rg1 Kd7 32. c3 Rf8 33. a3 Kc8 34. Ka2 Kb8 35. Rg6 Bc7 36. Qg2 Rf7 37. Rg8+ Bd8 38. d6 Qd7 39. Qf2 Kc8 40. Qb6 Rg7 41. Qxa6+ Qb7 42. Qxb7+ Rxb7 43. Nxf6 Rf7 44. Ne4 Kd7 45. a4 bxa4 46. Ka3 Rxf5 47. Rg6 Bb6 48. Kxa4 Rf4 49. Nd2 Bc5 50. Kb5 Bxd6 51. Nxc4 Bc7 52. Rg7+ Kc8 53. Re7 Kd8 54. Rh7 Rf6 55. Kc5 Re6 56. Kd5 Re8 57. Nd2 Re7 58. Rxe7 Kxe7 59. Ne4 1-0

[Event "XXVII. Rhein-Main-Open, Gruppe A"]
[Site "Bad Homburg vor der Höhe"]
[Date "2025.06.22"]
[Round "7.47"]
[White "Köhlich, Viktor"]
[Black "Kopf, Rainer"]
[Result "1/2-1/2"]
[WhiteElo "1774"]
[BlackElo "1893"]
[PlyCount "70"]
[GameId "535116227347"]
[EventDate "2025.06.18"]
[WhiteTeam "SC Matt im Park Ffm"]
[BlackTeam "SC Bellheim"]

1. d4 Nf6 2. Nf3 c6 3. Bf4 d6 4. h3 Bf5 5. c3 Nbd7 6. e3 e6 7. Bd3 Bxd3 8. Qxd3 Be7 9. Nbd2 Rc8 10. O-O O-O 11. a4 c5 12. e4 h6 13. Rfe1 Nh7 14. a5 cxd4 15. cxd4 Qc7 16. Qb5 Qc6 17. Qb3 Qa6 18. Rec1 Ng5 19. Nxg5 hxg5 20. Be3 Bf6 21. Nf3 e5 22. Bxg5 exd4 23. Bxf6 Nxf6 24. Ng5 Rc5 25. Rxc5 dxc5 26. e5 Nh7 27. Nxh7 Kxh7 28. Qc2+ d3 29. Qxc5 Rd8 30. Rd1 d2 31. Qc2+ Kg8 32. Rxd2 Qxa5 33. b4 Qa1+ 34. Kh2 Qxe5+ 35. g3 Rxd2 1/2-1/2

[Event "XXVII. Rhein-Main-Open, Gruppe A"]
[Site "Bad Homburg vor der Höhe"]
[Date "2025.06.22"]
[Round "7.48"]
[White "Wilk, Jan"]
[Black "Shanawaz Thabrez, Shahzaib"]
[Result "0-1"]
[WhiteElo "1916"]
[BlackElo "1884"]
[PlyCount "90"]
[GameId "535116227348"]
[EventDate "2025.06.18"]
[WhiteTeam "SC Bellheim"]
[BlackTeam "SK Langen"]

1. d4 Nf6 2. Nf3 d5 3. c4 c6 4. Nc3 g6 5. e3 Bg7 6. Qc2 Bf5 7. Bd3 Bxd3 8. Qxd3 O-O 9. O-O dxc4 10. Qxc4 b5 11. Qb3 a5 12. a4 b4 13. Ne2 Nbd7 14. Ng3 c5 15. Rd1 Rc8 16. Ne5 Qc7 17. f4 Nxe5 18. fxe5 c4 19. Qc2 Nd5 20. Ne4 b3 21. Qe2 Nb4 22. Bd2 Nc2 23. Rac1 Qc6 24. Nc5 Qd5 25. Bxa5 Bxe5 26. dxe5 Qxc5 27. Bc3 Rfd8 28. Kf2 Qc6 29. a5 Qe6 30. Rxd8+ Rxd8 31. Rd1 Qf5+ 32. Kg1 Rxd1+ 33. Qxd1 Nxe3 34. Qd8+ Kg7 35. e6+ Kh6 36. Qf8+ Kg5 37. Qxe7+ f6 38. h4+ Kh5 39. g4+ Kxg4 40. Qxf6 Qb1+ 41. Kf2 Nd1+ 42. Ke2 Qd3+ 43. Ke1 Nxc3 44. bxc3 b2 45. Kf2 Qd2+ 0-1

[Event "XXVII. Rhein-Main-Open, Gruppe A"]
[Site "Bad Homburg vor der Höhe"]
[Date "2025.06.22"]
[Round "7.51"]
[White "Pade, Joachim"]
[Black "Boscher, Hans"]
[Result "1/2-1/2"]
[WhiteElo "1777"]
[BlackElo "1741"]
[PlyCount "62"]
[GameId "535116227351"]
[EventDate "2025.06.18"]
[WhiteTeam "SV Rochade Hünfeld"]
[BlackTeam "SC Bad Soden"]

1. e4 e6 2. d3 d5 3. Nd2 c5 4. g3 Nc6 5. Bg2 Nf6 6. f4 g6 7. e5 Nd7 8. Ngf3 Bg7 9. O-O O-O 10. c3 f6 11. d4 cxd4 12. cxd4 fxe5 13. dxe5 Nc5 14. Nb3 b6 15. Be3 Ba6 16. Nxc5 bxc5 17. Bxc5 Bxf1 18. Bxf1 Re8 19. Bd6 Bf8 20. Bxf8 Kxf8 21. Ng5 Qe7 22. Bh3 Nd8 23. Rc1 h6 24. Nf3 Qb7 25. Qd3 Kg7 26. Nh4 Qf7 27. Rc7 Qxc7 28. Qxg6+ Kf8 29. Qf6+ Kg8 30. Qg6+ Kf8 31. Qf6+ Kg8 1/2-1/2

[Event "XXVII. Rhein-Main-Open, Gruppe B"]
[Site "Bad Homburg vor der Höhe"]
[Date "2025.06.18"]
[Round "1.2"]
[White "Riazi, Dominik"]
[Black "Barthel, Bergit"]
[Result "1-0"]
[WhiteElo "1607"]
[BlackElo "1918"]
[PlyCount "43"]
[EventDate "2025.06.18"]
[WhiteTeam "SK Bad Homburg 1927"]
[BlackTeam "SC Matt im Park Ffm"]

1. e4 d6 2. d4 Nf6 3. Nc3 c6 4. Bc4 b5 5. Bb3 b4 6. e5 bxc3 7. exf6 Qa5 8. fxg7 Bxg7 9. bxc3 Qxc3+ 10. Bd2 Qxd4 11. Rb1 Ba6 12. Qf3 O-O 13. Ne2 Qe5 14. Be3 d5 15. Nd4 e6 16. c4 dxc4 17. Ba4 Qa5+ 18. Bd2 Qxa4 19. Qg3 c3 20. Bxc3 Qc4 21. Rb4 Qd5 22. Nf5 1-0

[Event "XXVII. Rhein-Main-Open, Gruppe B"]
[Site "Bad Homburg vor der Höhe"]
[Date "2025.06.18"]
[Round "1.3"]
[White "Schneider, Wolfram"]
[Black "Kaiser, Danny"]
[Result "1-0"]
[WhiteElo "1937"]
[BlackElo "1727"]
[PlyCount "35"]
[EventDate "2025.06.18"]
[WhiteTeam "SK Bad Homburg 1927"]
[BlackTeam "SC Bad Nauheim"]

1. d4 d5 2. c4 e6 3. Nc3 Nf6 4. Bg5 Be7 5. Nf3 Nbd7 6. cxd5 exd5 7. e3 O-O 8. Bd3 c6 9. Qc2 h6 10. h4 Re8 11. Bf4 Nf8 12. O-O-O Bb4 13. Ne5 c5 14. dxc5 N6d7 15. Nxd5 Bxc5 16. Nxd7 Bxd7 17. Bc7 Ba4 18. Qxa4 1-0

[Event "XXVII. Rhein-Main-Open, Gruppe B"]
[Site "Bad Homburg vor der Höhe"]
[Date "2025.06.18"]
[Round "1.4"]
[White "Pichl, Johann"]
[Black "Ahrends, Norbert"]
[Result "1/2-1/2"]
[WhiteElo "1705"]
[BlackElo "1964"]
[PlyCount "76"]
[EventDate "2025.06.18"]
[WhiteTeam "SK Bad Homburg 1927"]
[BlackTeam "SK 1980 Gernsheim"]

1. d4 d5 2. Nf3 Nf6 3. c3 Bf5 4. Qb3 Qc8 5. Bf4 Nbd7 6. h3 e6 7. Nbd2 c5 8. g4 Bg6 9. Bg2 Be7 10. Ne5 Nxe5 11. Bxe5 O-O 12. e3 Nd7 13. Bg3 c4 14. Qd1 Bd3 15. Bf1 Bxf1 16. Kxf1 f6 17. Kg2 e5 18. Rf1 exd4 19. exd4 f5 20. Qe2 Rf7 21. Rae1 f4 22. Bxf4 Nb6 23. Bg3 Qc6 24. f4 Raf8 25. Nf3 Qa4 26. Ne5 Rf6 27. Bh4 Re6 28. Bxe7 Rxe7 29. Kg3 a6 30. a3 Nd7 31. Qd2 Nf6 32. Kg2 Qb5 33. f5 Ne4 34. Qc2 Qb6 35. Nf3 Qh6 36. Qc1 Qd6 37. Ne5 Qf6 38. Nf3 Qd6 1/2-1/2

[Event "XXVII. Rhein-Main-Open, Gruppe B"]
[Site "Bad Homburg vor der Höhe"]
[Date "2025.06.18"]
[Round "1.5"]
[White "Mühlpfordt, Werner"]
[Black "Benz, Jürgen"]
[Result "1-0"]
[WhiteElo "1958"]
[BlackElo "1676"]
[PlyCount "155"]
[EventDate "2025.06.18"]
[WhiteTeam "SC 1997 Lambsheim"]
[BlackTeam "SK Bad Homburg 1927"]

1. e4 c5 2. Nf3 Nc6 3. d4 cxd4 4. Nxd4 Qb6 5. Nb3 Nf6 6. Nc3 a6 7. Be3 Qc7 8. Be2 g6 9. O-O Bg7 10. Rc1 O-O 11. f3 Ne5 12. Bd4 Nc4 13. Nd5 Nxd5 14. Bxc4 e5 15. Bxd5 exd4 16. Qd2 Qb6 17. Kh1 Rb8 18. Rfd1 d6 19. Rb1 Be6 20. Bxe6 fxe6 21. Nxd4 Rfe8 22. c3 Rbd8 23. Qc2 Kh8 24. Qb3 Qxb3 25. Nxb3 d5 26. Kg1 Be5 27. exd5 exd5 28. g3 Bc7 29. Re1 Kg7 30. Kf1 Kf7 31. Rbd1 a5 32. Rxe8 Kxe8 33. Ke2 Kf7 34. Nd4 Kf6 35. Kd3 Re8 36. Kd2 Re5 37. Re1 Rh5 38. Re2 Re5 39. Kd3 Bb6 40. Rxe5 Kxe5 41. a4 Bc5 42. h3 h5 43. f4+ Kf6 44. g4 hxg4 45. hxg4 Bd6 46. Ke3 g5 47. f5 Bf4+ 48. Kd3 Bc1 49. b3 Ke5 50. Ne6 Kf6 51. Kd4 Bd2 52. Nc5 b6 53. Nd7+ Ke7 54. Nxb6 Kd6 55. Nxd5 Be1 56. Ke4 Bg3 57. c4 Bf2 58. Ne3 Kc5 59. Nc2 Bg3 60. f6 Kd6 61. Kf5 Be5 62. Ne3 Bd4 63. Nd5 Kd7 64. Kxg5 Ke8 65. Kg6 Kf8 66. Nc7 Bc3 67. Ne6+ Ke8 68. f7+ Ke7 69. f8=Q+ Kxe6 70. Qf3 Bb4 71. Qd5+ Ke7 72. Kf5 Ba3 73. Qe6+ Kd8 74. Qf7 Kc8 75. Ke6 Kb8 76. Kd5 Kc8 77. Kc6 Kd8 78. Qd7# 1-0

[Event "XXVII. Rhein-Main-Open, Gruppe B"]
[Site "Bad Homburg vor der Höhe"]
[Date "2025.06.18"]
[Round "1.6"]
[White "Ghaznavi, Massoud"]
[Black "Bremer, Vincent"]
[Result "0-1"]
[WhiteElo "1655"]
[BlackElo "1973"]
[PlyCount "84"]
[EventDate "2025.06.18"]
[WhiteTeam "SV Oberursel"]
[BlackTeam "TSG 1846 Bretzenheim/ZMO"]

1. e4 e6 2. d4 d5 3. e5 c5 4. c3 Qb6 5. Nf3 Bd7 6. Bd3 Bb5 7. O-O Bxd3 8. Qxd3 Nc6 9. Rd1 Rc8 10. Qe2 Nge7 11. Be3 Nf5 12. h3 Nxe3 13. fxe3 Be7 14. b3 O-O 15. Nbd2 f6 16. Rf1 fxe5 17. Nxe5 Nxe5 18. Rxf8+ Rxf8 19. dxe5 Rf5 20. Nf3 d4 21. exd4 cxd4 22. cxd4 Rxf3 23. Rd1 Rf4 24. Qc4 Kf7 25. g3 Rxd4 26. Rxd4 Bc5 27. Qf1+ Kg8 28. Qc4 Bxd4+ 29. Kg2 Qc6+ 30. Qxc6 bxc6 31. Kf3 Bxe5 32. g4 Kf7 33. Ke4 Bb2 34. a4 g5 35. Kd3 Ke7 36. Kc4 Kd6 37. b4 e5 38. Kd3 Kd5 39. Kc2 Bd4 40. Kb3 e4 41. b5 cxb5 42. axb5 e3 0-1

[Event "XXVII. Rhein-Main-Open, Gruppe B"]
[Site "Bad Homburg vor der Höhe"]
[Date "2025.06.18"]
[Round "1.8"]
[White "Neff, Oliver"]
[Black "Fernandez Egea, Andres"]
[Result "0-1"]
[WhiteElo "1706"]
[BlackElo "1849"]
[PlyCount "74"]
[EventDate "2025.06.18"]
[WhiteTeam "SG Wartturm Schaafheim"]
[BlackTeam "SF Frankfurt 1921"]

1. e4 e5 2. Nf3 Nc6 3. d4 exd4 4. Nxd4 d5 5. Nxc6 bxc6 6. Bd3 dxe4 7. Bxe4 Qxd1+ 8. Kxd1 Bg4+ 9. f3 O-O-O+ 10. Ke2 Re8 11. Kf2 Bc5+ 12. Kg3 Bd7 13. Nc3 f5 14. Bd3 Nf6 15. h3 Nh5+ 16. Kh2 Bd6+ 17. f4 g5 18. g3 gxf4 19. Bxf4 Nxf4 20. gxf4 Bxf4+ 21. Kg2 Rhg8+ 22. Kf3 Bg3 23. Rhg1 f4 24. Ne4 Bxh3 25. Nxg3 fxg3 26. Rae1 Ref8+ 27. Ke3 h5 28. Rh1 Bg4 29. Reg1 Rf3+ 30. Kd2 Rf2+ 31. Kc1 g2 32. Rh2 Be2 33. Bxe2 Rxe2 34. Kd1 Rf2 35. Ke1 Rxc2 36. Rxh5 Re8+ 37. Kd1 Rf2 0-1

[Event "XXVII. Rhein-Main-Open, Gruppe B"]
[Site "Bad Homburg vor der Höhe"]
[Date "2025.06.18"]
[Round "1.9"]
[White "Tsiapouris, Michael"]
[Black "Saar, Gabriel"]
[Result "1-0"]
[WhiteElo "1882"]
[BlackElo "1729"]
[PlyCount "109"]
[EventDate "2025.06.18"]
[WhiteTeam "SK Rochade Augsburg"]
[BlackTeam "SG Wartturm Schaafheim"]

1. e4 e5 2. d3 Nc6 3. Nf3 Nf6 4. g3 d5 5. Nbd2 Bb4 6. c3 Ba5 7. Qc2 Bg4 8. Bg2 Bb6 9. O-O Qd7 10. exd5 Nxd5 11. Nxe5 Nxe5 12. Re1 Qf5 13. Nc4 O-O-O 14. Rxe5 Bxf2+ 15. Qxf2 Qxd3 16. Ne3 Be6 17. Nxd5 Bxd5 18. Rxd5 Rxd5 19. Bxd5 Qd1+ 20. Kg2 Qxd5+ 21. Qf3 Qc4 22. Be3 Re8 23. a3 f6 24. Rd1 Kb8 25. Rd2 b6 26. Bf2 Qb5 27. Qd5 Qa4 28. Kf1 Qa6+ 29. c4 Qa4 30. Qb5 Qxb5 31. cxb5 Kc8 32. Re2 Rxe2 33. Kxe2 Kd7 34. Kd3 Kd6 35. Kd4 c5+ 36. bxc6 Kxc6 37. Ke4 Kd6 38. h4 Ke6 39. Be3 g6 40. Bd4 h6 41. Bc3 g5 42. h5 f5+ 43. Ke3 Kf7 44. Bd4 Kf8 45. Be5 a6 46. Bc7 b5 47. Kd4 Ke7 48. Ke5 f4 49. gxf4 gxf4 50. Kxf4 Kf6 51. Be5+ Kf7 52. Kf5 a5 53. Bc3 a4 54. Bf6 Kg8 55. Kg6 1-0